Who he play for? NBA 2021 - Statistics

General Stats
  • This quiz has been taken 48 times
  • The average score is 8 of 25
Answer Stats
Question Answer % Correct
Otto Porter Jr. Golden State Warriors
100%
Markieff Morris Miami Heat
100%
Andre Drummond Philadelphia 76ers
100%
Delon Wright Atlanta Hawks
67%
Juancho Hernangomez Boston Celtics
67%
Patty Mills Brooklyn Nets
67%
Kelly Oubre Jr. Charlotte Hornets
67%
Devonte' Graham New Orleans Pelicans
67%
Derrick Jones Jr. Chicago Bulls
33%
Reggie Bullock Dallas Mavericks
33%
Jeff Green Denver Nuggets
33%
Steven Adams Memphis Grizzlies
33%
Noah Vonleh Shanghai Sharks
33%
Sam Dekker Toronto Raptors
33%
Denzel Valentine Cleveland Cavaliers
0%
Kelly Olynyk Detroit Pistons
0%
D.J. Augustin Houston Rockets
0%
Torrey Craig Indiana Pacers
0%
Justise Winslow Los Angeles Clippers
0%
Robin Lopez Orlando Magic
0%
Landry Shamet Phoenix Suns
0%
Tristan Thompson Sacramento Kings
0%
Doug McDermott San Antonio Spurs
0%
Hassan Whiteside Utah Jazz
0%
Emmanuel Mudiay Zalgiris Kaunas
0%
No matching quizzes found
Score Distribution
Percent of People with Each Score
Percentile by Number Answered
Your Score History
You have not taken this quiz